01156nam a2200313Ia 4500001001200000003000800012006001900020007001500039008004100054010001700095020001500112020002000127040002100147035002000168050002300188082001500211100002300226245006700249260004400316300003100360504006400391533015200455650003100607650001300638655002900651710001700680856012600697999001900823ebr10056174CaPaEBRm u cr cn|||||||||971020s1998 enkab sb 001 0 eng d z 97045656  z0203024869 z0415165393 (hb) aCaPaEBRcCaPaEBR a(OCoLC)4813800414aGN751b.C33 1998eb04a001.942211 aCastleden, Rodney.10aAtlantis destroyedh[electronic resource] /cRodney Castleden. aLondon ;aNew York :bRoutledge,c1998. axiv, 225 p. :bill., maps. aIncludes bibliographical references (p. 205-218) and index. aElectronic reproduction.bPalo Alto, Calif. :cebrary,d2009.nAvailable via World Wide Web.nAccess may be limited to ebrary affiliated libraries. 0aAtlantis (Legendary place) 0aMinoans. 7aElectronic books.2local2 aebrary, Inc.40uhttp://site.ebrary.com/lib/rucke/Doc?id=10056174zAn electronic book accessible through the World Wide Web; click to view c173090d173090